000
00241 a2200085 4500
020
_a
978-0750652551
100
_a
A.F.E. Wise and John Swaffield
245
_a
Water, Sanitary and Waste Services for Buildings
260
_b
Routledge
_c
2002
999
_c
13691
_d
13691